Superman Franchise - Statistics

General Stats
  • This quiz has been taken 51 times
    48 since last reset
  • The average score is 31 of 107
Answer Stats
Type Year Name Info % Correct
Newspaper Comic Strip 1939-1966 Superman Jerry Siegel
100%
Short Film 1941 Superman Paramount
100%
Film 1948 Superman Columbia
100%
Film 1978 Superman Warner Bros. / Columbia-EMI-Warner
100%
Video Game 1979 Superman Atari
100%
Video Game 1987 Superman Kemco
100%
TV Show 1988 Superman CBS
100%
Video Game 1988 Superman Taito
100%
Video Game 1992 Superman Sunsoft
100%
Video Game 1997 Superman Titus Software
100%
Video Game 2006 Superman Jakks Pacific
100%
Video Game 2011 Superman Chillingo
100%
TV Show 1996-2000 Superman: The Animated Series Kids' WB
100%
Video Game 1985 Superman: The Game First Star Software
100%
Film 1980 Superman II Warner Bros. / Columbia-EMI-Warner
81%
Film 1983 Superman III Warner Bros. / Columbia-EMI-Warner
81%
Novel 1983 Superman III William Kotzwinkle
81%
Film 1987 Superman IV: The Quest for Peace Warner Bros. / Columbia-EMI-Warner
77%
TV Show 1968-1969 The Batman/Superman Hour CBS
73%
Film 2016 Batman v Superman: Dawn of Justice Warner Bros.
65%
Film 2013 Man of Steel Warner Bros.
65%
Film 1984 Supergirl Columbia-EMI-Warner
65%
TV Show 2015-Present Supergirl CBS / The CW
65%
Video Game 1989 Superman: The Man of Steel Tynesoft
65%
Video Game 1993 Superman: The Man of Steel Virgin Interactive
65%
Video Game 2002 Superman: The Man of Steel Infogrames
65%
Film 2006 Superman Returns Warner Bros.
62%
Video Game 2006 Superman Returns EA
62%
Novel 2006 Superman Returns Marv Wolfman
62%
TV Show 2001-2011 Smallville The WB / The CW
50%
Novel 1996 Lois & Clark: A Superman Novel C. J. Cherryh
42%
TV Show 1993-1997 Lois & Clark: The New Adventures of Superman ABC
42%
TV Show 2018-2019 Krypton Syfy
35%
Film 1951 Superman and the Mole Men Lippert Pictures
35%
Film 2007 Superman: Doomsday Warner Bros.
35%
TV Show 1988-1992 Superboy Syndication
31%
Radio Series 1940-1951 The Adventures of Superman WOR-AM
31%
Novel 1942 The Adventures of Superman George Lowther
31%
Album 1966 The Adventures of Superman Bob Holiday
31%
Radio Series 1988 The Adventures of Superman BBC Radio 4
31%
TV Show 1952-1958 Adventures of Superman Syndication
23%
Film 2009 Superman/Batman: Public Enemies Warner Bros.
23%
Film 2018 The Death of Superman Warner Bros.
23%
Film 2011 All-Star Superman Warner Bros.
15%
Film 2010 Superman/Batman: Apocalypse Warner Bros.
15%
Film 2012 Superman vs. The Elite Warner Bros.
15%
TV Film 1997 The Batman Superman Movie: World's Finest Fox Kids
15%
Film 1950 Atom Man vs. Superman Columbia
12%
TV Show 2005-2006 Krypto the Superdog Cartoon Network
12%
Theme Park Attraction 2000-Present Superman The Ride Six Flags New England
12%
Film 2013 Superman: Unbound Warner Bros.
12%
TV Show 1966-1970 The New Adventures of Superman CBS
12%
Musical 1966-2016 It's a Bird... It's a Plane... It's Superman Charles Strouse
8%
TV Special 1975 It's a Bird... It's a Plane... It's Superman ABC
8%
TV Show 2006-2008 Legion of Super Heroes Kids' WB
8%
Short Film 1941 Billion Dollar Limited Paramount
4%
Short Film 1942 Destruction, Inc. Paramount
4%
Short Film 1942 Electric Earthquake Paramount
4%
Short Film 1942 Eleventh Hour Paramount
4%
Short Film 1942 Japoteurs Paramount
4%
Short Film 1943 Jungle Drums Paramount
4%
Film 2019 Reign of The Supermen Warner Bros.
4%
Short Film 1943 Secret Agent Paramount
4%
Short Film 1942 Showdown Paramount
4%
Short Film 1954 Stamp Day for Superman U.S. Department of Treasury / Warner Bros.
4%
Novel 1993 Superman: Doomsday & Beyond Louise Simonson
4%
Radio Drama 1993 Superman Lives! BBC Radio Light Entertainment / BBC Radio 5
4%
Video Game 2002 Superman: Shadow of Apokolips Infogrames
4%
Film 2010 Superman/Shazam: The Return of Black Adam Warner Bros.
4%
Video Game 1999 Superman: The New Superman Adventures Titus Interactive
4%
Short Film 1942 Terror on the Midway Paramount
4%
Short Film 1942 The Arctic Giant Paramount
4%
Short Film 1942 The Bulleteers Paramount
4%
Short Film 1942 The Magnetic Telescope Paramount
4%
Short Film 1941 The Mechanical Monsters Paramount
4%
Short Film 1943 The Mummy Strikes Paramount
4%
TV Show 1967-1968 The Superman/Aquaman Hour of Adventure CBS
4%
Short Film 1943 The Underground World Paramount
4%
Short Film 1942 Volcano Paramount
4%
Novel 2009 Enemies & Aliens Kevin J. Anderson
0%
Novel 2005 It's Superman! Tom De Haven
0%
Novel 1978 Last Son of Krypton Elliot S. Maggin
0%
Essay 1969 Man of Steel, Woman of Kleenex Larry Niven
0%
Novel 1981 Miracle Monday Elliot S. Maggin
0%
Video Game 1998 Superman Activity Center ????
0%
Film 2006 Superman: Brainiac Attacks Warner Bros.
0%
Video Game 2003 Superman: Countdown to Apokolips Infogrames
0%
Play 1940 Superman Day New York World's Fair
0%
Theme Park Attraction 2004-Present Superman El Último Escape Six Flags México
0%
Theme Park Attraction 2005-Present Superman Escape Warner Bros. Movie World
0%
Theme Park Attraction 1997-Present Superman: Escape from Krypton Six Flags Magic Mountain
0%
Film 2006 Superman II: The Richard Donner Cut Warner Bros.
0%
Theme Park Attraction 2000-Present Superman: Krypton Coaster Six Flags Fiesta Texas
0%
Theme Park Attraction 2002-Present Superman: La Atracción de Acero Parque Warner Madrid
0%
Theme Park Attraction 1999-Present Superman - Ride of Steel Six Flags America / Six Flags Darien Lake
0%
Video Game 2005 Superman The Greatest Superhero VTech
0%
Theme Park Attraction 1995-Present Superman: Tower of Power (Various)
0%
Theme Park Attraction 2002-Present Superman: Ultimate Flight Six Flags Over Georgia / Six Flags Great Adventure / Six Flags Great America
0%
Theme Park Attraction 2012-Present Superman: Ultimate Flight Six Flags Discovery Kingdom
0%
TV Pilot 1961 The Adventures of Superboy Whitney Ellsworth
0%
TV Show 1966-1969 The Adventures of Superboy CBS
0%
Novel 1994 The Death and Life of Superman Roger Stern
0%
Video Game 1994 The Death and Return of Superman Sunsoft
0%
Play 2010 The History of Invulnerability ????
0%
Novel 2007 The Last Days of Krypton Kevin J. Anderson
0%
Audiobook 2008 The Never-Ending Battle Roger Stern
0%
Film 1979 The Return of Superman Omar Films
0%
No matching quizzes found
Score Distribution
Percent of People with Each Score
Percentile by Number Answered
Your Score History
You have not taken this quiz since the last reset